000 00617nam a2200181 i 4500
001 94215
003 ES-MaACL
005 20230906181428.0
007 t|
008 050718s1927 sp ||||1| spa d
245 0 0 _aMonumento a Curros Enríquez
_b: bases para el concurso de proyectos /
_cReal Academia Gallega.
260 _aLa Coruña :
_b[s.n.,
_c1927?] (
_fRoel)
300 _a12 p., 1 h. de map. pleg. :
_bfot. ;
_c25 cm.
500 _aTexto fechado en 7 de marzo de 1927.
600 1 4 _aCurros Enríquez, Manuel-
_xMonumentos.
_942233
710 2 _aReal Academia Gallega.
_96341
852 _aES-MaACL
_j1710-F-21
999 _c94215
_d94215